<?xml version="1.0" encoding="UTF-8"?>
<record
    xmlns:xsi="http://www.w3.org/2001/XMLSchema-instance"
    xsi:schemaLocation="http://www.loc.gov/MARC21/slim http://www.loc.gov/standards/marcxml/schema/MARC21slim.xsd"
    xmlns="http://www.loc.gov/MARC21/slim">

  <leader>     nam a22     7a 4500</leader>
  <datafield tag="999" ind1=" " ind2=" ">
    <subfield code="c">140269</subfield>
    <subfield code="d">140267</subfield>
  </datafield>
  <controlfield tag="005">20180424100722.0</controlfield>
  <controlfield tag="008">180424b        mx ||||| |||| 00| 0 spa d</controlfield>
  <datafield tag="020" ind1=" " ind2=" ">
    <subfield code="a">8423953173 [V.3]</subfield>
  </datafield>
  <datafield tag="020" ind1=" " ind2=" ">
    <subfield code="a">8423953130 [V.5]</subfield>
  </datafield>
  <datafield tag="020" ind1=" " ind2=" ">
    <subfield code="a">8423953254 [V.18]</subfield>
  </datafield>
  <datafield tag="020" ind1=" " ind2=" ">
    <subfield code="a">8423953424 [V.22]</subfield>
  </datafield>
  <datafield tag="020" ind1=" " ind2=" ">
    <subfield code="a">842395319X [V.23]</subfield>
  </datafield>
  <datafield tag="020" ind1=" " ind2=" ">
    <subfield code="a">8423953459 [V.24]</subfield>
  </datafield>
  <datafield tag="020" ind1=" " ind2=" ">
    <subfield code="a">8423953246 [V.25]</subfield>
  </datafield>
  <datafield tag="020" ind1=" " ind2=" ">
    <subfield code="a">8423953149 [V.26]</subfield>
  </datafield>
  <datafield tag="020" ind1=" " ind2=" ">
    <subfield code="a">8423953238 [V.27]</subfield>
  </datafield>
  <datafield tag="020" ind1=" " ind2=" ">
    <subfield code="a">8423953327 [V.30]</subfield>
  </datafield>
  <datafield tag="020" ind1=" " ind2=" ">
    <subfield code="a">8423953203 [V.31]</subfield>
  </datafield>
  <datafield tag="050" ind1="0" ind2="4">
    <subfield code="a">ML390</subfield>
    <subfield code="b">C53 1974</subfield>
  </datafield>
  <datafield tag="245" ind1="0" ind2="0">
    <subfield code="a">Cl&#xE1;sicos de la m&#xFA;sica</subfield>
    <subfield code="c">/ Pierrette Mari...[et al.].</subfield>
  </datafield>
  <datafield tag="250" ind1=" " ind2=" ">
    <subfield code="a">1a ed.</subfield>
  </datafield>
  <datafield tag="260" ind1=" " ind2=" ">
    <subfield code="a">Madrid :</subfield>
    <subfield code="b">Editorial Espasa-Calpe,</subfield>
    <subfield code="c">1974.</subfield>
  </datafield>
  <datafield tag="300" ind1=" " ind2=" ">
    <subfield code="a">V. :</subfield>
    <subfield code="b">il. ;</subfield>
    <subfield code="c">18 cm.</subfield>
  </datafield>
  <datafield tag="490" ind1="0" ind2=" ">
    <subfield code="a">Cl&#xE1;sicos de la m&#xFA;sica.</subfield>
  </datafield>
  <datafield tag="504" ind1=" " ind2=" ">
    <subfield code="a">Incluye bibliograf&#xED;a.</subfield>
  </datafield>
  <datafield tag="505" ind1="1" ind2=" ">
    <subfield code="a">Contenido :</subfield>
    <subfield code="t">V.3 Bart&#xF3;k.</subfield>
    <subfield code="r">Pierrette Mari ; traducci&#xF3;n del franc&#xE9;s Felipe Xim&#xE9;nez de Sandoval.</subfield>
    <subfield code="t">V.5 Berlioz.</subfield>
    <subfield code="r">/ Yves Hucher, Jacqueline Morini ; traducci&#xF3;n del franc&#xE9;s Felipe Xim&#xE9;nez de Sandoval.</subfield>
    <subfield code="t">V.18 Liszt.</subfield>
    <subfield code="r">/ Andr&#xE9; Gauthier ; traducci&#xF3;n del franc&#xE9;s Felipe Xim&#xE9;nez de Sandoval.</subfield>
    <subfield code="t">V.22 Giacomo Puccini.</subfield>
    <subfield code="r">/ Eleonore Clausse ; traducci&#xF3;n del franc&#xE9;s V&#xED;ctor Andresco.</subfield>
    <subfield code="t">V.23 Ravel.</subfield>
    <subfield code="r">/ Pierre Petit ; traducci&#xF3;n del franc&#xE9;s Felipe Xim&#xE9;nez de Sandoval.</subfield>
    <subfield code="t">V.24 Franz Schubert.</subfield>
    <subfield code="r">/ Monique Birghoffer ; traducci&#xF3;n del franc&#xE9;s V&#xED;ctor Andresco.</subfield>
    <subfield code="t">V.25 Schumann.</subfield>
    <subfield code="r">/ Jean Gallois ; traducci&#xF3;n del franc&#xE9;s Felipe Xim&#xE9;nez de Sandoval.</subfield>
    <subfield code="t">V.26 Tschaikovsky.</subfield>
    <subfield code="r">/ Ghislaine Juramie ; traducci&#xF3;n del franc&#xE9;s Felipe Xim&#xE9;nez de Sandoval.</subfield>
    <subfield code="t">V.27 Verdi.</subfield>
    <subfield code="r">/ France Yvonne Bril ; traducci&#xF3;n del franc&#xE9;s Felipe Xim&#xE9;nez de Sandoval.</subfield>
    <subfield code="t">V.30 Amadeo Vives.</subfield>
    <subfield code="r">/ Sol Burguete.</subfield>
    <subfield code="t">V.31 Wagner.</subfield>
    <subfield code="r">/ Andr&#xE9; Gauthier ; traducci&#xF3;n del franc&#xE9;s Felipe Xim&#xE9;nez de Sandoval.</subfield>
  </datafield>
  <datafield tag="650" ind1=" " ind2="7">
    <subfield code="2">lemb</subfield>
    <subfield code="a">Compositores</subfield>
    <subfield code="v">Biografias</subfield>
    <subfield code="x">M&#xFA;sica</subfield>
  </datafield>
  <datafield tag="700" ind1="1" ind2=" ">
    <subfield code="a">Mari, Pierrette,</subfield>
    <subfield code="e">autor</subfield>
  </datafield>
  <datafield tag="700" ind1="1" ind2=" ">
    <subfield code="a">Hucher, Yves,</subfield>
    <subfield code="e">autor</subfield>
  </datafield>
  <datafield tag="700" ind1="1" ind2=" ">
    <subfield code="a">Gauthier, Andr&#xE9;,</subfield>
    <subfield code="e">autor</subfield>
  </datafield>
  <datafield tag="700" ind1="1" ind2=" ">
    <subfield code="a">Xim&#xE9;nez de Sandoval., Felipe,</subfield>
    <subfield code="e">traductor</subfield>
  </datafield>
  <datafield tag="700" ind1="1" ind2=" ">
    <subfield code="a">Andresco, V&#xED;ctor,</subfield>
    <subfield code="e">traductor</subfield>
  </datafield>
  <datafield tag="942" ind1=" " ind2=" ">
    <subfield code="2">lcc</subfield>
    <subfield code="c">LIB</subfield>
  </datafield>
  <datafield tag="952" ind1=" " ind2=" ">
    <subfield code="1">0</subfield>
    <subfield code="2">lcc</subfield>
    <subfield code="4">0</subfield>
    <subfield code="7">0</subfield>
    <subfield code="a">LIC-037</subfield>
    <subfield code="b">LIC-037</subfield>
    <subfield code="c">GENERAL</subfield>
    <subfield code="d">2018-04-24</subfield>
    <subfield code="e">DON</subfield>
    <subfield code="f">1a ed.</subfield>
    <subfield code="k">EH</subfield>
    <subfield code="o">ML390 C53 1974</subfield>
    <subfield code="p">BBA000002162</subfield>
    <subfield code="r">2018-04-24 00:00:00</subfield>
    <subfield code="t">C:1 V.3</subfield>
    <subfield code="y">LIB</subfield>
  </datafield>
  <datafield tag="952" ind1=" " ind2=" ">
    <subfield code="1">0</subfield>
    <subfield code="2">lcc</subfield>
    <subfield code="4">0</subfield>
    <subfield code="7">0</subfield>
    <subfield code="a">LIC-037</subfield>
    <subfield code="b">LIC-037</subfield>
    <subfield code="c">GENERAL</subfield>
    <subfield code="d">2018-04-24</subfield>
    <subfield code="e">DON</subfield>
    <subfield code="f">1a ed.</subfield>
    <subfield code="k">EH</subfield>
    <subfield code="o">ML390 C53 1974</subfield>
    <subfield code="p">BBA000002163</subfield>
    <subfield code="r">2018-04-24 00:00:00</subfield>
    <subfield code="t">C:1 V.5</subfield>
    <subfield code="y">LIB</subfield>
  </datafield>
  <datafield tag="952" ind1=" " ind2=" ">
    <subfield code="1">0</subfield>
    <subfield code="2">lcc</subfield>
    <subfield code="4">0</subfield>
    <subfield code="7">0</subfield>
    <subfield code="a">LIC-037</subfield>
    <subfield code="b">LIC-037</subfield>
    <subfield code="c">GENERAL</subfield>
    <subfield code="d">2018-04-24</subfield>
    <subfield code="e">DON</subfield>
    <subfield code="f">1a ed.</subfield>
    <subfield code="k">EH</subfield>
    <subfield code="o">ML390 C53 1975</subfield>
    <subfield code="p">BBA000002164</subfield>
    <subfield code="r">2018-04-24 00:00:00</subfield>
    <subfield code="t">C:1 V.18</subfield>
    <subfield code="y">LIB</subfield>
  </datafield>
  <datafield tag="952" ind1=" " ind2=" ">
    <subfield code="1">0</subfield>
    <subfield code="2">lcc</subfield>
    <subfield code="4">0</subfield>
    <subfield code="7">0</subfield>
    <subfield code="a">LIC-037</subfield>
    <subfield code="b">LIC-037</subfield>
    <subfield code="c">GENERAL</subfield>
    <subfield code="d">2018-04-24</subfield>
    <subfield code="e">DON</subfield>
    <subfield code="f">1a ed.</subfield>
    <subfield code="k">EH</subfield>
    <subfield code="o">ML390 C53 1980</subfield>
    <subfield code="p">BBA000002165</subfield>
    <subfield code="r">2018-04-24 00:00:00</subfield>
    <subfield code="t">C:1 V.22</subfield>
    <subfield code="y">LIB</subfield>
  </datafield>
  <datafield tag="952" ind1=" " ind2=" ">
    <subfield code="1">0</subfield>
    <subfield code="2">lcc</subfield>
    <subfield code="4">0</subfield>
    <subfield code="7">0</subfield>
    <subfield code="a">LIC-037</subfield>
    <subfield code="b">LIC-037</subfield>
    <subfield code="c">GENERAL</subfield>
    <subfield code="d">2018-04-24</subfield>
    <subfield code="e">DON</subfield>
    <subfield code="f">1a ed.</subfield>
    <subfield code="k">EH</subfield>
    <subfield code="o">ML390 C53 1975</subfield>
    <subfield code="p">BBA000002166</subfield>
    <subfield code="r">2018-04-24 00:00:00</subfield>
    <subfield code="t">C:1 V.23</subfield>
    <subfield code="y">LIB</subfield>
  </datafield>
  <datafield tag="952" ind1=" " ind2=" ">
    <subfield code="1">0</subfield>
    <subfield code="2">lcc</subfield>
    <subfield code="4">0</subfield>
    <subfield code="7">0</subfield>
    <subfield code="a">LIC-037</subfield>
    <subfield code="b">LIC-037</subfield>
    <subfield code="c">GENERAL</subfield>
    <subfield code="d">2018-04-24</subfield>
    <subfield code="e">DON</subfield>
    <subfield code="f">1a ed.</subfield>
    <subfield code="k">EH</subfield>
    <subfield code="o">ML390 C53 1981</subfield>
    <subfield code="p">BBA000002168</subfield>
    <subfield code="r">2018-04-24 00:00:00</subfield>
    <subfield code="t">C:1 V.24</subfield>
    <subfield code="y">LIB</subfield>
  </datafield>
  <datafield tag="952" ind1=" " ind2=" ">
    <subfield code="1">0</subfield>
    <subfield code="2">lcc</subfield>
    <subfield code="4">0</subfield>
    <subfield code="7">0</subfield>
    <subfield code="a">LIC-037</subfield>
    <subfield code="b">LIC-037</subfield>
    <subfield code="c">GENERAL</subfield>
    <subfield code="d">2018-04-24</subfield>
    <subfield code="e">DON</subfield>
    <subfield code="f">1a ed.</subfield>
    <subfield code="k">EH</subfield>
    <subfield code="o">ML390 C53 1975</subfield>
    <subfield code="p">BBA000002169</subfield>
    <subfield code="r">2018-04-24 00:00:00</subfield>
    <subfield code="t">C:1 V.25</subfield>
    <subfield code="y">LIB</subfield>
  </datafield>
  <datafield tag="952" ind1=" " ind2=" ">
    <subfield code="1">0</subfield>
    <subfield code="2">lcc</subfield>
    <subfield code="4">0</subfield>
    <subfield code="7">0</subfield>
    <subfield code="a">LIC-037</subfield>
    <subfield code="b">LIC-037</subfield>
    <subfield code="c">GENERAL</subfield>
    <subfield code="d">2018-04-24</subfield>
    <subfield code="e">DON</subfield>
    <subfield code="f">1a ed.</subfield>
    <subfield code="k">EH</subfield>
    <subfield code="o">ML390 C53 1977</subfield>
    <subfield code="p">BBA000002167</subfield>
    <subfield code="r">2018-04-24 00:00:00</subfield>
    <subfield code="t">C:1 V.26</subfield>
    <subfield code="y">LIB</subfield>
  </datafield>
  <datafield tag="952" ind1=" " ind2=" ">
    <subfield code="1">0</subfield>
    <subfield code="2">lcc</subfield>
    <subfield code="4">0</subfield>
    <subfield code="7">0</subfield>
    <subfield code="a">LIC-037</subfield>
    <subfield code="b">LIC-037</subfield>
    <subfield code="c">GENERAL</subfield>
    <subfield code="d">2018-04-24</subfield>
    <subfield code="e">DON</subfield>
    <subfield code="f">1a ed.</subfield>
    <subfield code="k">EH</subfield>
    <subfield code="o">ML390 C53 1975</subfield>
    <subfield code="p">BBA000002170</subfield>
    <subfield code="r">2018-04-24 00:00:00</subfield>
    <subfield code="t">C:1 V.27</subfield>
    <subfield code="y">LIB</subfield>
  </datafield>
  <datafield tag="952" ind1=" " ind2=" ">
    <subfield code="1">0</subfield>
    <subfield code="2">lcc</subfield>
    <subfield code="4">0</subfield>
    <subfield code="7">0</subfield>
    <subfield code="a">LIC-037</subfield>
    <subfield code="b">LIC-037</subfield>
    <subfield code="c">GENERAL</subfield>
    <subfield code="d">2018-04-24</subfield>
    <subfield code="e">DON</subfield>
    <subfield code="f">1a ed.</subfield>
    <subfield code="k">EH</subfield>
    <subfield code="o">ML390 C53 1978</subfield>
    <subfield code="p">BBA000002171</subfield>
    <subfield code="r">2018-04-24 00:00:00</subfield>
    <subfield code="t">C:1 V.30</subfield>
    <subfield code="y">LIB</subfield>
  </datafield>
  <datafield tag="952" ind1=" " ind2=" ">
    <subfield code="1">0</subfield>
    <subfield code="2">lcc</subfield>
    <subfield code="4">0</subfield>
    <subfield code="7">0</subfield>
    <subfield code="a">LIC-037</subfield>
    <subfield code="b">LIC-037</subfield>
    <subfield code="c">GENERAL</subfield>
    <subfield code="d">2018-04-24</subfield>
    <subfield code="e">DON</subfield>
    <subfield code="f">1a ed.</subfield>
    <subfield code="k">EH</subfield>
    <subfield code="o">ML390 C53 1975</subfield>
    <subfield code="p">BBA000002172</subfield>
    <subfield code="r">2018-04-24 00:00:00</subfield>
    <subfield code="t">C:1 V.31</subfield>
    <subfield code="y">LIB</subfield>
  </datafield>
  <datafield tag="952" ind1=" " ind2=" ">
    <subfield code="1">0</subfield>
    <subfield code="2">lcc</subfield>
    <subfield code="4">0</subfield>
    <subfield code="7">0</subfield>
    <subfield code="a">DEP-054</subfield>
    <subfield code="b">DEP-054</subfield>
    <subfield code="c">GENERAL</subfield>
    <subfield code="d">2019-10-22</subfield>
    <subfield code="e">DON</subfield>
    <subfield code="f">1a ed.</subfield>
    <subfield code="h">[V.22]</subfield>
    <subfield code="k">EH</subfield>
    <subfield code="o">ML390 C53 1980</subfield>
    <subfield code="p">BUPB000000436</subfield>
    <subfield code="r">2019-10-22 00:00:00</subfield>
    <subfield code="t">1</subfield>
    <subfield code="v">1.00</subfield>
    <subfield code="y">LIB</subfield>
  </datafield>
  <datafield tag="952" ind1=" " ind2=" ">
    <subfield code="1">0</subfield>
    <subfield code="2">lcc</subfield>
    <subfield code="4">0</subfield>
    <subfield code="7">0</subfield>
    <subfield code="a">DEP-054</subfield>
    <subfield code="b">DEP-054</subfield>
    <subfield code="c">GENERAL</subfield>
    <subfield code="d">2019-10-22</subfield>
    <subfield code="e">DON</subfield>
    <subfield code="f">1a ed.</subfield>
    <subfield code="h">[V.31]</subfield>
    <subfield code="k">EH</subfield>
    <subfield code="o">ML390 C53 1975</subfield>
    <subfield code="p">BUPB000000437</subfield>
    <subfield code="r">2019-10-22 00:00:00</subfield>
    <subfield code="t">1</subfield>
    <subfield code="v">1.00</subfield>
    <subfield code="y">LIB</subfield>
  </datafield>
  <datafield tag="952" ind1=" " ind2=" ">
    <subfield code="1">0</subfield>
    <subfield code="2">lcc</subfield>
    <subfield code="4">0</subfield>
    <subfield code="7">0</subfield>
    <subfield code="a">DEP-054</subfield>
    <subfield code="b">DEP-054</subfield>
    <subfield code="c">GENERAL</subfield>
    <subfield code="d">2019-10-29</subfield>
    <subfield code="e">DON</subfield>
    <subfield code="f">1a ed.</subfield>
    <subfield code="h">[27]</subfield>
    <subfield code="k">EH</subfield>
    <subfield code="o">ML390 C53 1975</subfield>
    <subfield code="p">BUPB000000429</subfield>
    <subfield code="r">2019-10-29 00:00:00</subfield>
    <subfield code="t">1</subfield>
    <subfield code="v">1.00</subfield>
    <subfield code="y">LIB</subfield>
  </datafield>
</record>
